000 00473nam a2200181 i 4500
001 bg
100 1 _aAVEN, O. I.
245 0 _aBezstykowe organy wykonawcze w automatyce przemysłowej /
_cO.J. Aven, S.M. Domanickij.
260 _aWarszawa,
_c1962.
700 1 _aDOMANICKIJ, S. M.
700 1 _aAwien, O. I.
700 1 _aDomanicki, S. M.
040 _cBPK
041 _apol
080 _a621.3.078:62-5
942 _cKS
008 s pl f |000 0 pol
999 _c16170
_d16170
856 _uhttp://koha.tu.koszalin.pl/cgi-bin/koha/opac-detail.pl?biblionumber=16170
_yKatalog online BPK